000 01179cam a22002651 4500
001 sd 45000034
003 DLC
005 20260227112735.0
008 850408s1944 nyu b 000 0 eng c
010 _asd 45000034
035 _a(OCoLC)11892604
040 _aU.S. Dept. of state. Libr.
_cNhD
_dDLC
042 _apremarc
050 0 0 _aZ6204
_b.R8
110 2 _aRussell Sage Foundation.
_bDepartment of Statistics.
245 1 2 _aA bibliography on political, economic and social backgrounds of certain European countries,
_ccompiled by Henrietta Kierman [and] Eric F. Schweinburg, Department of statistics, Russell Sage foundation.
260 _aNew York city,
_c1944.
300 _a4 p. l., 2-39 (i.e. 40) numb. l.
_c28 x 22 cm.
500 _aMimeographed.
500 _aAn annotated bibliography intended to give "broad information of a non-techical nature either to persons interested in programs of international relief and rehabilitation or to students of foreign areas." cf. 2d prelim. leaf.
651 0 _aEurope
_xHistory
_vBibliography.
651 0 _aEurope
_vBibliography.
700 1 _aKierman, Henrietta,
_ecomp.
700 1 _aSchweinburg, Eric F.,
_ejoint comp.
999 _c89949
_d89949